El delito de sustraccin̤ de menores

Bibliographic Details
Main Author: Callejn̤ Hernǹdez, Cristina
Format: eBook
Language:Spanish
Published: Madrid: Dykinson, 2021
Subjects:
Online Access:Acceso restringido

MARC

LEADER 00000nam a22000007a 4500
005 20220720014342.0
007 cr|||| ||||
008 220720s2021 es |||||s|||| 00||0 spa d
020 |a 978-84-1377-143-6 
035 |a 36473 
040 |a vLex 
090 |c 13622  |d 13622 
100 1 |a Callejn̤ Hernǹdez, Cristina 
245 1 2 |a El delito de sustraccin̤ de menores  |h [Recurso electrn̤ico] /  |c Cristina Callejn̤ Hernǹdez 
256 |a Servicio en ln̕ea 
260 |a Madrid:  |b Dykinson,  |c 2021 
300 |a 1 recurso electrn̤ico 
500 |a Esta monografa̕ incluye un estudio detallado sobre el delito de sustraccin̤ de menores, recientemente reformado por la LO 8/2021, de 4 de junio. Se trata de una figura delictiva cuya incidencia ha ido aumentando paulatinamente, por lo que se haca̕ necesario un anl̀isis del tipo penal, a fin de poner sobre la mesa las dificultades interpretativas que presenta. El propio Tribunal Supremo se ha pronunciado recientemente acerca de esta temt̀ica, modificando el criterio tradicional de aplicacin̤, si bien es cierto que incluso la teora̕ del Alto Tribunal ha queda-do desfasada con motivo de la mencionada reforma. La presente obra integra planteamientos completamente actualizados acerca de los elementos ms̀ importantes del delito de sustraccin̤ de menores, al tiempo que incorpora la situacin̤ jurd̕ica existente antes de la reforma para que el lector pueda percibir la evolucin̤ de la figura. Asimismo, pueden encontrarse nuevas propuestas dirigidas al legislador al objeto de contribuir a paliar los problemas de aplicacin̤ e interpretacin̤ que el tipo sigue mostrando en la actualidad. 
506 1 |a Disponible solo en los productos indicados  |d vLex Global  |d vLex Global (Academic Edition, excluding Law Schools)  |d vLex Global (U.S. Academic Edition, Law Schools)  |d vLex Global (U.S. Academic Edition, excluding Law Schools)  |d vLex Global (Academic Edition, Law Schools) 
650 0 4 |a Derecho Penal  |z Espaą 
740 0 |a vLex Libros (Servicio en ln̕ea) 
856 4 0 |u https://app.vlex.com/#/sources/36473  |z Acceso restringido 
942 |c BOOK 
999 0 |a Criminal law